000 01002cam a22001934a 4500
005 20250605164209.0
008 250528s ||||||||||||||||||||||||d
035 _a20155
020 _a394709232
040 _aGR-AtMCL
_bgre
_dGR-AtMCL
_eAACR2
245 1 _aThe Logic of Action / Young Children at Work
260 _bPantheon Books,
_c1969
300 _a144
520 _aThis book conveys the Excitement that attends learning by doing - both teacher and young pupils. Preface, Introduction, About the Six Children, Observation Please, On Planning - To Learn, Many Things to play with, And - To Speak, Enough Junk, A Quiet Morning to Remember, From Bubbles Through Chaos to Invention, Time to Read, Summer Storms - and Questions, Catastrophe Save the Day, Such Science, Forbidden Games Start a Good Day, Changes Noted - Summing Up, Epilogue, Appendices, Partial Bibliography, About the Author.
700 1 _aHawkins Frances Pockman
_96207
942 _cBK
999 _c5294
_d5294